Aspirations (Record no. 760)

MARC details
000 -LEADER
fixed length control field 00674 a2200205 4500
008 - FIXED-LENGTH DATA ELEMENTS--GENERAL INFORMATION
fixed length control field 080820t xxu||||| |||| 00| 0 eng d
010 ## - LIBRARY OF CONGRESS CONTROL NUMBER
LC control number ENG-84930
020 ## - INTERNATIONAL STANDARD BOOK NUMBER
International Standard Book Number 8184300220
Terms of availability 250.00
035 ## - SYSTEM CONTROL NUMBER
System control number EN-68463
037 ## - SOURCE OF ACQUISITION
Source of stock number/acquisition D.B.Act / Pub
082 ## - DEWEY DECIMAL CLASSIFICATION NUMBER
Classification number N
100 ## - MAIN ENTRY--PERSONAL NAME
Personal name Batra, Sushil Kumar
245 ## - TITLE STATEMENT
Title Aspirations
Statement of responsibility, etc by Sushil Kumar Batra
260 ## - PUBLICATION, DISTRIBUTION, ETC. (IMPRINT)
Place of publication, distribution, etc New Delhi
Name of publisher, distributor, etc Ocean Books
Date of publication, distribution, etc 2006.
270 ## - ADDRESS
Address 4/19, Asaf Ali Road,
City New Delhi
State or province Delhi
Postal code 110002
300 ## - PHYSICAL DESCRIPTION
Extent 231 p.
Dimensions 22 cm. (Hb)
650 ## - SUBJECT ADDED ENTRY--TOPICAL TERM
Topical term or geographic name as entry element Novel
942 ## - ADDED ENTRY ELEMENTS (KOHA)
Institution code [OBSOLETE] dpl
Koha item type English Books
Call number prefix N / BAT
Source of classification or shelving scheme Dewey Decimal Classification
Classification part N
Call number suffix BAT
Holdings
Withdrawn status Lost status Source of classification or shelving scheme Damaged status Not for loan Collection code Home library Current library Date acquired Cost, normal purchase price Total Checkouts Full call number Barcode Date last seen Copy number Uniform Resource Identifier Cost, replacement price Price effective from Koha item type
    Dewey Decimal Classification   Not For Loan Fiction D.B.Act.Division D.B.Act.Division 20/08/2008 250.00   N BAT EN-68463 15/09/2008 1 739 250.00 15/09/2008 English Books

© Delhi Public Library
Hit Counter
free hit counter